| 000 | 00972nam a22002295i 4500 | ||
|---|---|---|---|
| 001 | 163221 | ||
| 003 | ES-MaACL | ||
| 005 | 20230906212710.0 | ||
| 008 | 990917m18721879sp |||| | spa d | ||
| 040 |
_aCCPB | B _bspa _cCCPB | B |
||
| 100 | 0 |
_aReinoso, Félix José. _996067 |
|
| 245 | 1 | 0 | _aObras de don Félix José Reinoso. |
| 260 |
_aSevilla : _bImprenta y Librería Española y Extrangera de Rafael Tarascó y Lassa, _c1872-1879. |
||
| 300 |
_a2 v. (CCXI, 324 p., [1] h. de lám. ; XXX, 398 p.) ; _c16 cm. |
||
| 490 | 1 | _aSociedad de Bibliófilos Andaluces. Segunda serie | |
| 505 | 8 | _aContiene: t. 1. Poesías (CCXI, 234 p.) -- t. 2. Obras en prosa (XXX, 398 p.) | |
| 530 | _aDisponible en formato digital. | ||
| 830 | 0 |
_aSociedad de Bibliófilos Andaluces. Segunda serie _9222225 |
|
| 852 |
_aES-MaACL _jB-5535-36 _z-- Enc. hol. |
||
| 856 |
_uhttp://bdh-rd.bne.es/viewer.vm?id=0000146741&page=1 _zBiblioteca Digital Hispánica |
||
| 999 |
_c163221 _d163221 |
||